Súčasné trendy v európskom vysokoškolskom vzdelávaní (pohľad z 13. výročnej konferencie EAIE)

Zhrnutie myšlienok a názorov, ktoré odzneli na 13. výročnej konferencii EAIE (Európska asociácia pre medzinárodné vzdelávanie), december 2001 v Tampere (Fínsko). Hodnotenie a trendy vysokoškolského vzdelávania po Bolonskej konferencii. Rôznorodosť magisterských programov. Konvergencie v magisterskom...

Descripción completa

Guardado en:
Detalles Bibliográficos
Autor principal: Jasenek, Jozef
Formato: Capítulo de libro
Lenguaje:eslovaco
Materias:
Etiquetas: Agregar Etiqueta
Sin Etiquetas, Sea el primero en etiquetar este registro!

MARC

LEADER 00000naa a2200000 4500
001 r044979
005 20230927095716.3
041 0 |a slo 
044 |a SK 
245 1 0 |a Súčasné trendy v európskom vysokoškolskom vzdelávaní  |b (pohľad z 13. výročnej konferencie EAIE)  |c Jozef Jasenek 
520 |a Zhrnutie myšlienok a názorov, ktoré odzneli na 13. výročnej konferencii EAIE (Európska asociácia pre medzinárodné vzdelávanie), december 2001 v Tampere (Fínsko). Hodnotenie a trendy vysokoškolského vzdelávania po Bolonskej konferencii. Rôznorodosť magisterských programov. Konvergencie v magisterskom a v doktorandskom štúdiu. Zabezpečenie kvality a akreditácia. 
610 2 0 |a vzdelávanie 
610 2 0 |a vzdelávanie vysokoškolské 
610 2 0 |a štúdium bakalárske 
610 2 0 |a štúdium doktorandské 
610 2 0 |a štúdium magisterské 
610 2 0 |a školy vysoké 
610 2 0 |a Európska únia 
100 1 |a Jasenek, Jozef